00742 a2200193 4500010001400000020002300014035001300037037001500050082001500065090001700080100002400097245006100121260004900182270010100231300002900332942003000361999001700391952014000408 aENG-90164 a8181500741c220.00 aEN-73697 bDBAD / PUB14a899.155108 c12692d126921 aMoulton, James Hope1 aEarly religious poetry of Persia/cby James Hope Moulton aNew DelhibAravali Books Internationalc2007 aW-30, Okhla Industrial Area, Phase II,bNew Delhie110 020k26388830-32mAravali@nde.vsnl.net.in avii, 168p.c22 cm (pbk) adplcENk899.155108 / MOU c12329d12329 00102ddc40718NFICaDBADbDBADeDBAD/PUBg220.00l0o899.155108 MOUpEN-73697r2008-09-15 00:00:00t1u13530v220.00w2008-09-15yEN